01196nam a22002777a 45000010005000000030006000050050017000110080041000280200018000690400029000870500008001160820008001241000017001322450133001492500036002822600052003183000048003704900013004185050008004315200341004395210029007805210022008096500033008316500023008647000031008877655FISKH20250729162222.0250729b cb ||||| |||| 00| 0 eng d a9780816777150 aFISKHbengcFISKHdFISKH aPZ7 a258 aAcey, Mark  aGarfield's Christmas tales /cCreated by Jim Davis : Written by Mark Acey and Jim Kraft : Designed and Illustrated by Mike Fentz aThis edition published in 2002. aMahwah :bTroll Communications L.L.C. , c1995. a32 pages :bcolor illustrations ;c27 cm .  aGarfield aJ  aYou better watch out, you better not cry . . . Garfield is coming to town in this rib-tickling collection of Christmas tales! Whether he's waging the year's biggest snowball fight, serving as Santa's hungry little helper, or saving Christmas from weird space aliens, Garfield will always find a way to keep the ho-ho-ho in the holidays!8 a500 bLexile estimate 8 aJ bRaz-Plus  aCartoons and comicsvFiction aChristmasvFiction aFentz, Mike eIllustrator